[Event "POL-ch Amateur"]
[Site "Wroclaw"]
[Date "2012.06.23"]
[Round "3"]
[White "Milkowska, Ernesta"]
[Black "Politowicz, Anna"]
[Result "1-0"]
[WhiteElo "1829"]
[BlackElo "1922"]
[PlyCount "77"]
[EventDate "2012.06.22"]
[EventType "swiss"]
[EventRounds "7"]
[EventCountry "POL"]
[SourceTitle "EXT 2013"]
[Source "ChessBase"]
[SourceDate "2012.11.22"]
[SourceVersion "1"]
[SourceVersionDate "2012.11.22"]
[SourceQuality "1"]

1. c4 e6 2. g3 d5 3. b3 Be7 4. Bb2 Bf6 5. Nc3 Ne7 6. Bg2 c6 7. Nf3 Nd7 8. 0-0 0-0 9. Rc1 Nb6 10. d3 Ng6 11. Re1 e5 12. cxd5 cxd5 13. Ba3 Be7 14. Bxe7 Qxe7 15. Nd2 Be6 16. Nf1 Rac8 17. Qd2 f5 18. d4 e4 19. e3 a6 20. Qb2 Rc6 21. a4 Rfc8 22. Nd2 Qc7 23. Na2 Rc2 24. Rxc2 Qxc2 25. Rb1 Qxb2 26. Rxb2 Bd7 27. Bf1 Ne7 28. a5 Na8 29. b4 Nc7 30. Nb3 Nb5 31. Nc5 Rc7 32. Nxd7 Rxd7 33. Bxb5 axb5 34. Nc3 Rc7 35. Nxb5 Rc6 36. Rb3 Kf7 37. Nc3 g5 38. b5 Rf6 39. b6 1-0

[Event "POL-ch Amateur"]
[Site "Wroclaw"]
[Date "2012.06.22"]
[Round "1"]
[White "Wozniak, Grzegorz"]
[Black "Politowicz, Anna"]
[Result "0-1"]
[WhiteElo "1569"]
[BlackElo "1922"]
[PlyCount "46"]
[EventDate "2012.06.22"]
[EventType "swiss"]
[EventRounds "7"]
[EventCountry "POL"]
[SourceTitle "EXT 2013"]
[Source "ChessBase"]
[SourceDate "2012.11.22"]
[SourceVersion "1"]
[SourceVersionDate "2012.11.22"]
[SourceQuality "1"]

1. e4 e6 2. d4 d5 3. Nd2 Nf6 4. e5 Nfd7 5. Bd3 c5 6. c3 Nc6 7. Ne2 cxd4 8. cxd4 f6 9. exf6 Nxf6 10. Nf3 Bd6 11. 0-0 Qc7 12. h3 0-0 13. a3 Bd7 14. Bd2 e5 15. dxe5 Nxe5 16. Nxe5 Bxe5 17. Bc3 Bxc3 18. Nxc3 Qf4 19. Rc1 Qg5 20. Kh1 Qh4 21. Be2 Bc6 22. Bf3 Ne4 23. Qd4 Ng3+ 0-1